000 01004nam a2200301Ia 4500
003 OSt
005 20221007124914.0
006 a|||||r|||| 00| 0
007 ta
008 221006b |||||||| |||| 00| 0 eng d
020 _a9781635492187 (hbk)
024 _a199210
037 _b1775, 12/03/2018, Indica Publishers & Distributors Pvt. Ltd.
_cTextual
040 _aCDL
_cCDL
_beng
041 _2eng
_aeng
082 _aE5:25, Q7 Carc
100 _aWayatt Nehemiah
_9720928
245 0 _aPrinciples of photochemistry
260 _aNew
_bYork Larsen & Keller
_c2017
300 _avi,286p. ill.
_ccm.
500 _aPermissions 284p.; Index 285-286p.
650 _a Applications of photochemistry
_9720929
650 _a Photosynthesis
_9473878
650 _a Processes of photochemistry
_9720930
650 _aChemistry
942 _hE5:25, Q7 Carc
_cTEXL
_2CC
999 _c1214353
_d1214353